000
00218 a2200097 4500
020
_a
9780822577928
041
_a
spa
100
_a
Kessel, Joyce K.
245
_a
Squanto y el Primer Dia de Accion de Gracias
942
_c
BK
999
_c
14240
_d
14240